| 000 | 03160nam0a22005291 4500 | ||
|---|---|---|---|
| 001 | RU\NLR\A1\1039 | ||
| 005 | 20260407111833.0 | ||
| 035 | _a(NLR Aleph) 009671193 | ||
| 090 |
_a9662026 _c9662026 |
||
| 100 | _a19960817d1788 m y0rusy50 ca | ||
| 101 | 1 |
_arus _cfre |
|
| 102 | _aRU | ||
| 135 | _acrmn mmmanaba | ||
| 140 | _ay y ga yaa0000 | ||
| 200 | 1 |
_aИстория о Кастриотте Албанском, _fпереведена с французскаго языка Д.А. |
|
| 210 |
_a[Москва] _cпечатана в Московской сенатской типографии _cиждивением А.Светушкина _d1788 |
||
| 215 |
_a178 с. _d8° |
||
| 300 | _aЦенз.: С одобрения определенных цензоров. | ||
| 305 | _aПер. кн.: Le grand Castriotto, roi d'Albanie. Histoire. Francfort, 1779 | ||
| 316 |
_aЭкз. РНБ (18.24.7.36) в сост. картон. пер., обтянутом крапчатой коричневой бумагой, с сафьяновым крас. корешком и коленкоровыми крас. уголками. Корешок гладкий с тиснением золотом. На корешке золотом вытиснены суперэкслибрис Имп. б-ки и загл.: "О Кастриоте албанском. 1788". Сверху и снизу подклеен. На нижней крышке пер. экслибрис рус. фонда ГПБ с шифром. На форзаце ярлык с шифром РНБ. На тит. л.,с.33 и 178 круглый штамп ГПБ. У с.109-116 утрачены фрагм. С.98-128 укреплены папиросной бумагой. _5NLR: 18.24.7.36 |
||
| 321 | 1 | _aСК XVIII 2319 | |
| 325 | _aКопия доступна в Электрон. б-ке РНБ | ||
| 454 | 0 |
_12001#$aLe grand Castriotto, roi d'Albanie.$eHistoire _1210##$aFrancfort$d1779 _1700#1$7ba$aZanović$bS$gStjepan$4070 _tLe grand Castriotto, roi d'Albanie. _aZanović, Stjepan |
|
| 600 | 0 |
_aСкандербег _f1405 - 1468 _9918232 _3RU\NLR\AUTH\6617072 |
|
| 620 | _dМосква | ||
| 700 | 1 |
_6z01790 _aЗанович _bС. _f1751-1785 _gСтепан _4070 |
|
| 702 | 1 |
_aСветушкин _bА.А. _f-1789 _gАлександр Артамонович _4400 |
|
| 702 | 0 |
_aД.А. _4730 |
|
| 712 | 0 | 2 |
_4610 _aСенатская типография _cМосква _3RU\NLR\AUTH\889940126 _9375083 |
| 790 | 1 |
_6z01700 _aZanović _bS _gStjepan _4070 _7ba |
|
| 801 | 0 |
_aRU _bNLR _c19960817 |
|
| 852 |
_aNLR _j18.24.7.36 |
||
| 856 | 0 | _uhttps://vivaldi.nlr.ru/bx700002371/view | |
| 856 | 1 | _uhttps://vivaldi.nlr.ru/bx700002371/cover | |
| 856 | 2 | _uhttps://vivaldi.nlr.ru/bx700002371/text | |
| 899 | _aРГБ | ||
| 899 | _aЗНБ СГУ | ||
| 899 | _aБАН | ||
| 899 | _aГПИБ | ||
| 899 | _aСПбГУ | ||
| 942 | _cBOOK | ||
| 980 | _aNB | ||
| 980 | _aA1XVIIIv | ||
| 981 | 2 | 0 |
_a(20) Книжные памятники РНБ _b(20) Русский книжный фонд |